000 00670nam a2200277Ia 4500
005 20260324144730.0
008 008 260324s9999 xx 000 0 eng d
020 _a9780203713822
037 _aEBOOK
040 _aCRL
040 _beng
040 _cCRL
041 _2eng
041 _aeng
084 _qCRL
100 _aFred Plaut; Andrew Samuels; Bani Shorter
_91220404
245 2 _aA Critical Dictionary of Jungian Analysis
260 _bTaylor and Francis
260 _c1986
365 _a
365 _b195
856 _uhttp://www.taylorfrancis.com/books/9780203713822
942 _cEBOOK
999 _c1827393
_d1827393